| 000 | 01168nam a22003137a 4500 | ||
|---|---|---|---|
| 001 | BR2013009398 | ||
| 003 | BR-BrBNA | ||
| 005 | 20230928104321.0 | ||
| 007 | ta | ||
| 008 | 230509b bl.||||| |||| 00| 0 por d | ||
| 040 |
_aBR-BrBNA _bpor _cBiblioteca Nacional de Agricultura |
||
| 041 | _a(Eng, Spa, Por) | ||
| 072 | _aP30 | ||
| 090 | _ P30 BR2013009398 | ||
| 100 | 1 | _aAlvarez V., V.H. (ed.) | |
| 100 | 1 | _aFontes, L.E.F. (ed.) | |
| 100 | 1 | _aFontes, M.P.F. (ed.) | |
| 110 | 1 |
_aSociedade Brasileira de Ciência do Solo, Viçosa, MG (Brasil) _99650 |
|
| 110 | 1 |
_aUniversidade Federal de Viçosa, MG (Brasil). Depto. de Solos _910989 |
|
| 111 | 1 |
_aO Solo nos Grandes Domínios Morfoclimáticos do Brasil e o Desenvolvimento Sustentável _cViçosa, MG (Brazil) _d23-29 Jul 1995 |
|
| 245 | 1 | _aO solo nos grandes domínios morfoclimáticos do Brasil e o desenvolvimento sustentado | |
| 260 | 3 |
_aViçosa, MG (Brasil): _c1996. |
|
| 300 | _a930 p. | ||
| 500 | _aIncludes several bibliographies; Summaries (Eng, Por); 164 illus.; 158 tables | ||
| 650 | _aSOLO | ||
| 650 | _aDESENVOLVIMENTO SUSTENTÁVEL | ||
| 909 |
_a202309 _bLucia _c55 _dLucia Elande |
||
| 942 | _cBK | ||
| 999 |
_c79266 _d79266 |
||